000 00385nam a2200133Ia 4500
008 100328s9999 xx 000 0 und d
082 _b66966
100 _aमहाडिक कल्पना.
245 _aचाफा बोलेना.
260 _bकोमल.
630 _aचाफा बोलेना.
730 _aचाफा बोलेना.
942 _cBOOK
999 _c552705
_d552702